Digital library creation / (Record no. 54622)

MARC details
000 -LEADER
fixed length control field 01156nam a22002297a 4500
005 - DATE AND TIME OF LATEST TRANSACTION
control field 20110801123636.0
010 ## - LCCN (DPL NO)
LC control number B-423734-735
020 ## - INTERNATIONAL STANDARD BOOK NUMBER
International Standard Book Number 9788184352368
Terms of availability 750.00
035 ## - SYSTEM CONTROL NUMBER
System control number B-423734-735
037 ## - SOURCE OF ACQUISITION
Source of stock number/acquisition Allied Publishers
082 ## - DEWEY DECIMAL CLASSIFICATION NUMBER
Classification number 025.042
100 ## - MAIN ENTRY--PERSONAL NAME
Personal name Sampath Kumar, G.K.
245 ## - TITLE STATEMENT
Title Digital library creation /
Statement of responsibility, etc by G.K. Sampath Kumar
260 ## - PUBLICATION, DISTRIBUTION, ETC. (IMPRINT)
Place of publication, distribution, etc New Delhi
Name of publisher, distributor, etc Adhyayan Publishers & Distributors
Date of publication, distribution, etc 2011
270 ## - ADDRESS
Address L-9 B, Street No. 42, Sadatpur Extension,
City Delhi
Postal code 110094
300 ## - PHYSICAL DESCRIPTION
Extent ix, 257p.
Dimensions 24cm(Hb)
500 ## - GENERAL NOTE
General note Includes bibliiographcial references and index
942 ## - ADDED ENTRY ELEMENTS (KOHA)
Source of classification or shelving scheme Dewey Decimal Classification
Item type English Books
Call number suffix SAM
Classification part 025.042
Holdings
Withdrawn status Lost status Not for loan Collection code Home library Current library Date acquired Source of acquisition Cost, normal purchase price Full call number Barcode Copy number Cost, replacement price Koha item type
      Non-fiction Central Library Central Library 11/08/2011 Allied Publishers/CR/0002704/17.3.11/75/4.3.11/17.3.11 750.00 025.042 SAM B-423734 1 750.00 English Books
      Non-fiction Sarojini Nagar Sarojini Nagar 11/08/2011 Allied Publishers/CR/0002704/17.3.11/75/4.3.11/17.3.11 750.00 025.042 SAM B-423735 1 750.00 English Books

© Delhi Public Library
Hit Counter
free hit counter